| 000 | 01763nam a2200409 c 4500 | ||
|---|---|---|---|
| 700 |
_aДушков, Живодар Иванов _eсъавт. _9368890 |
||
| 999 |
_c83605 _d83605 |
||
| 003 | BLK | ||
| 005 | 20240319130313.0 | ||
| 008 | 180408b bul|||||r ||||||| ||bul|| | ||
| 010 | _aKNG00088169000 | ||
| 040 | _aBLK | ||
| 041 |
_aBUL _cBUL |
||
| 080 |
_aПерсоналии на дейци на партията _b329(092) _x(497.215) _z329(092)(497.215) |
||
| 080 |
_aМихайлов, Георги Димитров. Български политик, ръководител на БКП и генерален секретар на Коминтерна, министър-председател _b929 Димитров, Георги _z929 Димитров, Георги |
||
| 100 |
_aАнтонова, Галина Александрова _d1951- _9301058 |
||
| 139 |
_aАнтонова, Галина и др. _bД 58 |
||
| 245 | 1 | 0 |
_aРусенски пътеки към Димитров _cГалина Антонова; съавт. Живодар Иванов Душков. |
| 257 | _aBGR | ||
| 260 |
_bОК на БКП _c1982 |
||
| 300 |
_a168 с. _c20 см |
||
| 380 | _a9 | ||
| 600 | 1 | 4 |
_aДимитров, Георги _9246718 |
| 650 | 4 |
_aИдеология, комунистическа - България _9245883 |
|
| 651 | 4 |
_aБългария _9241624 |
|
| 651 | 4 |
_aРусе _9179462 |
|
| 653 | _aГеорги Димитров | ||
| 653 | _aкомунистическа идеология | ||
| 852 | _aЦб 115244 | ||
| 852 | _aК 329(092)/Д 78 Г | ||
| 856 | 4 | _qpdf | |
| 856 | 4 | _qpdf | |
| 942 |
_cKNG _n0 _s1 |
||
| 944 |
_aCR _c01.02.2012 _k30553 _lИваничка Йорданова |
||
| 944 |
_aED _c24.08.2015 _kВаля_Йорданова |
||
| 999 | _d83605 | ||
| 999 | _d83605 | ||